| 000 | 00795cab a2200253 4500 | ||
|---|---|---|---|
| 001 | WB3507-14 | ||
| 008 | 090401t1999 xxu||||| |||| 00| 0 eng d | ||
| 035 | _a(Sirsi) u91339 | ||
| 041 | _aeng | ||
| 245 | _aProperty firms face pressure | ||
| 260 | _c1999 | ||
| 350 | _a0 | ||
| 490 |
_aSunday Times _v14 February 1999, 3.9(1) |
||
| 520 | _aThe proposed liquidation of the property company Chesterfield could lead the way for other small property firms who are underperforming. | ||
| 650 | _aFUND MANAGERS | ||
| 650 | _aLIQUIDATION | ||
| 650 | _aPROPERTY COMPANIES | ||
| 650 | _aPROPERTY INVESTMENT | ||
| 650 | _aPROPERTY SHARES | ||
| 650 | _aSMALL FIRMS | ||
| 690 | _aPROPERTY-COMMERCIAL PROPERTY-COMMERCIAL PROPERTY FINANCE AND INVESTMENT | ||
| 942 | _n0 | ||
| 948 | _c16/02/1999 | ||
| 999 |
_c57966 _d57966 |
||